Štatistika v súvislostiach hlavné trendy populačného vývoja v SR v roku 2016

Guardado en:
Detalles Bibliográficos
Formato: Libro
Lenguaje:eslovaco
Publicado: Bratislava Štatistický úrad Slovenskej republiky 2017
Colección:Demografia a sociálna štatistika jún 2017
Materias:
Etiquetas: Agregar Etiqueta
Sin Etiquetas, Sea el primero en etiquetar este registro!

MARC

LEADER 00000nlm$a2200000$$$4500
001 0234276
005 20251126112900.3
020 |a 978-80-8121-605-3 
041 0 |a slo 
044 |a SK 
245 1 0 |a Štatistika v súvislostiach  |b hlavné trendy populačného vývoja v SR v roku 2016 
264 1 |a Bratislava  |b Štatistický úrad Slovenskej republiky  |c 2017 
300 |a 45 s. 
490 1 |a Demografia a sociálna štatistika  |v jún 2017 
830 0 |a Demografia a sociálna štatistika  |v jún 2017 
500 |a Zdroj dokumentu: Štatistický úrad SR 
610 2 0 |a Slovensko 
610 2 0 |a pôrodnosť 
610 2 0 |a úmrtnosť 
610 2 0 |a migrácia 
610 2 0 |a štruktúra obyvateľstva 
610 2 0 |a vek 
610 2 0 |a národnosti